| 000 | 00907nam a22002897a 4500 | ||
|---|---|---|---|
| 001 | 5467 | ||
| 003 | FISKH | ||
| 005 | 20241210090954.0 | ||
| 008 | 241210b cb ||||| |||| 00| 0 eng d | ||
| 020 | _a9780545522083 | ||
| 040 |
_aFISKH _beng _cFISKH _dFISKH |
||
| 050 | _aPZ8.B175 | ||
| 082 | _a415 | ||
| 100 |
_aBaker, Keith _d(1953–) |
||
| 245 |
_aNo two alike / _cKeith Baker |
||
| 250 | _aFirst printing in 2012 | ||
| 260 |
_aNew York : _bScholastic, _c2012. |
||
| 300 |
_a34 pages : _bcolor illustrations ; _c21 cm |
||
| 505 | _aG | ||
| 520 | _aFollows a pair of birds on a snowflake-filled journey through a winter landscape, where everything everywhere, from branches and leaves to forests full of trees, is unique. | ||
| 521 | 8 |
_a330L
_bLexile |
|
| 521 | 8 |
_aG
_bRaz-Plus |
|
| 650 |
_2Birds _aHardcover |
||
| 650 |
_2Picture book _aRhyming |
||
| 942 |
_2ddc _cBK _n0 |
||
| 999 |
_c5467 _d5467 |
||